000 00549nam a2200181Ia 4500
005 20250326125000.0
008 250326s9999 xx 000 0 und d
037 _aTextbook
040 _aFMSL
_beng
_cFMSL
041 _aeng
_2eng
084 _aX:8J.44 K7;1
_qFMSL
100 _aRamayyar M S
_9738295
245 0 _aIndian audit and accounts department
_cRamayyar M S
260 _aNew Delhi
_bNew Delhi, Indian Institute Of Public Administration
_c1967
300 _a647p
942 _cTB
_hX:8J.44 K7;1
999 _c1276026
_d1276026